000 00596nam a2200205 4500
001 132593
003 ES-MaACL
007 t|
008 070214s1953 sp r ||||1| spa d
100 1 _aRómulo, Carlos P.
_999490
245 1 4 _aLos unidos /
_cCarlos P. Rómulo ; [traducción del inglés por José M. Massip].
250 _a1ª ed.
260 _aBarcelona :
_bDestino,
_c1953.
300 _a344 p. ;
_c19 cm.
490 1 _aAncora y delfín
700 1 _aMassip, José M.
_978827
830 0 0 _aÁncora y Delfín
_9151298
852 _aES-MaACL
_jC-8830
_bR.36570
999 _c132593
_d132593